000 00639cam a22002171 4500
001 sa 64008027
003 DLC
005 20260227112051.0
008 810812s1963 ii b 000 0 eng
010 _asa 64008027
025 _aPL480:I-E-3171
035 _a(OCoLC)7662982
040 _aDLC
_cMnSU
_dDLC
042 _apremarc
050 0 0 _aZ7164.C39
_bN35
110 2 _aNational Cooperative Union of India.
245 1 0 _aBibliography on co-operation.
260 _aNew Delhi,
_bCommittee for Co-operative Training (National Co-operative Union of India)
_c[1963]
300 _a171 p.
_c25 cm.
650 0 _aCooperation
_vBibliography.
999 _c60643
_d60643